| 000 | 02051cam a22004337a 4500 | ||
|---|---|---|---|
| 003 | CHAP | ||
| 005 | 20220817043806.0 | ||
| 008 | 010903d2000 mx r 00110 spa d | ||
| 010 | _a84569 | ||
| 011 | _a85541 | ||
| 020 | _a9688846953 | ||
| 035 | _a96074 | ||
| 040 | _cCHAP | ||
| 082 | 0 | 4 |
_a631.0915 _bC66 |
| 110 | 1 |
_aComisión Nacional de Zonas Aridas. México _925803 |
|
| 245 | 1 | 0 |
_aDelimitación de las zonas áridas, semiáridas y subhúmedas : _bde acuerdo al criterio de la convención de las Naciones Unidas de lucha contra la desertificación en países afectados por sequía grave o desertificación. PNUMA-ORPALC-UNCCD 1994 _c/por Comisión Nacional de Zonas Aridas |
| 260 |
_aChapingo, Méx. : _bUACH. Departamento de Suelos, _c2000. |
||
| 300 | _a8 v. | ||
| 500 | _aContenido : v.1Carta Chihuahua.--v.2 Carta Guadalajara.--v.3 Carta Mérida.--v.4 Carta México pte. 1.--v.5 Carta México pte. 2.--v.6 Carta Monterrey.--v.7 Carta Tijuana y La Paz.--v.8 Carta Villahermosa | ||
| 590 |
_aBATCH-UPD _b10 _c20130110 _lUCH01 _h1337 |
||
| 590 |
_aBATCH-UPD _b10 _c20130410 _lUCH01 _h0840 |
||
| 590 |
_aBATCH-UPD _b10 _c20130914 _lUCH01 _h1158 |
||
| 590 |
_aCONVERSION _b10 _c20130109 _lUCH01 _h1347 |
||
| 650 | 1 | 4 |
_aDesertificación. _932128 |
| 650 | 1 | 4 |
_aRegiones áridas _zMéxico. _995690 |
| 650 | 1 | 4 |
_aSequías. _9104511 |
| 710 | 0 | 0 | _aUACH. Departamento de Suelos. |
| 901 | _aBK | ||
| 905 | _aLilia Sánchez G. | ||
| 942 | _cLIBRO | ||
| 949 |
_a631.0915 C66 _bBC _cUACH _d960741 _eUACH _fv.1 _h101474 _i96074 _sb |
||
| 949 |
_a631.0915 C66 _bBC _cUACH _d960742 _eUACH _fv.2 _h101475 _i96074 _sb |
||
| 949 |
_a631.0915 C66 _bBC _cUACH _d960743 _eUACH _fv.3 _h101476 _i96074 _sb |
||
| 949 |
_a631.0915 C66 _bBC _cUACH _d960744 _eUACH _fv.4 _h101477 _i96074 _sb |
||
| 949 |
_a631.0915 C66 _bBC _cUACH _d960745 _eUACH _fv.5 _h101478 _i96074 _sb |
||
| 949 |
_a631.0915 C66 _bBC _cUACH _d960746 _eUACH _fv.6 _h101479 _i96074 _sb |
||
| 949 |
_a631.0915 C66 _bBC _cUACH _d960747 _eUACH _fv.7 _h101480 _i96074 _sb |
||
| 949 |
_a631.0915 C66 _bBC _cUACH _d960748 _eUACH _fv.8 _h101481 _i96074 _sb |
||
| 999 |
_c84569 _d84569 |
||